| 000 | 02990nab a22006377a 4500 | ||
|---|---|---|---|
| 003 | AR-RoUNA | ||
| 022 | _a03282384 | ||
| 040 |
_aAR-RoUNA _bspa |
||
| 041 |
_aspa _hspa |
||
| 044 | _aag | ||
| 110 |
_98413 _aSecretaria de Ciencia y Técnica. _bBoletín de la Secretaria |
||
| 245 |
_aCiencia y Tecnica _hNº 2 _bBoletín de la Secretaría |
||
| 260 |
_aBuenos Aires : _bUP, _c1994 |
||
| 300 |
_a53. p. : _bplantas _bfot. byn. _c26x 20 cm |
||
| 505 | _tPANORAMA . p. 3 | ||
| 505 | _tDISCURSO DEL DR.MANUEL SADOSKY. | ||
| 505 | _aEn la inauguraciòn del 2ª Congreso de Infomàtica y Teleinformàtica. p. 6 | ||
| 505 | _aComisiòn Nacional para el retorno de los argentinos en el exterior. p. 8 | ||
| 505 | _aCentenario de la Ley 1420. p. 8 | ||
| 505 | _aReuniòn de camaraderìa en la Secretarìa de Ciencia y Tècnica. p. 9 | ||
| 505 | _tPROGRAMAS NACIONALES. | ||
| 505 | _aPrograma Nacional de Biotecnologìa. p. 10 | ||
| 505 | _aVisita del Dr. Cèsar Milstein. p. 11 | ||
| 505 | _tCONICET. | ||
| 505 | _aCreaciòn del àrea de transferencia de Tecnologìa. p. 14 | ||
| 505 | _aReuniòn Anual de la Asociaciòn Americana para el Progreso de la Ciencias. p. 15 | ||
| 505 | _aEl patrimonio cientìfico argentino. p.16 | ||
| 505 | _aDictamen de la Fiscalìa. ,Modificaciòn de la normativa para subsidios. p.18 | ||
| 505 | _aInstitutos de Investigaciones Bioquìmicas "Fundaciòn Campomar".p. 19 | ||
| 505 | _tCOORDINACIÒN Y PLANIFICACIÒN. | ||
| 505 | _aIntegraciòn de Comitès Asesores. p. 21 | ||
| 505 | _aCoordinaciòn Interregional. p. 23 | ||
| 505 | _aIII Reuniòn de Intercambio Tecnològico en Zonas Áridas y Semiàridas. p. 26 | ||
| 505 | _aCentro de Estudios para la Integraciòn Latinoamericana. p. 29 | ||
| 505 | _tINFORMÀTICA. | ||
| 505 | _aSubsecretarìa de Informàtica y Desarrollo. p. 30 | ||
| 505 | _aTransferencia de funciones de Planeamiento a la Subsecretarìa de Informàtica. p. 30 | ||
| 505 | _aProgramas de Informàtica para la Ciencia y la Cultura. p. 31 | ||
| 505 | _aRed Cientìfica y Tecnològica Nacional de Procesamientos de Datos. p. 31 | ||
| 505 | _aNoticias de Informàtica. p. 33 | ||
| 505 | _tACTIVIDADES DE COOPERACION INTERNACIONAL. p. 35 | ||
| 505 | _tCURSOS, BECAS Y REUNIONES CIENTÌFICAS. p. 40 | ||
| 505 | _a1er.Congreso Argentino de Inmunologìa. p. 46 | ||
| 505 | _tNUEVAS PUBLICACIONES DE LA SECRETARIA DE CIENCIA Y TÈCNICA. p. 49 | ||
| 505 | _aReapariciòn de la revista "Ciencia y Tècnica". p. 52 | ||
| 505 | _tDOCUMENTOS. | ||
| 505 | _aJosè Babini: Sobre el llamado "milagro griego". p. 53 | ||
| 650 |
_aArquitectura _911395 |
||
| 650 |
_aCiencia _911396 |
||
| 773 | 0 |
_aBoletín de la Secretaría: Ciencia y Técnica _dBuenos Aires, Aller Atucha y Asociados. 1988 _gnro.2 (jun-1984), 58.p _x03265773 |
|
| 856 | _uwww.secyt.unlu.edu.ar | ||
| 908 | _aImp | ||
| 942 |
_2udc _cART |
||
| 945 |
_aMBP _d2018-06-12 |
||
| 980 |
_81 _gMaricel Allasia _61 _aMaricel Allasia |
||
| 999 |
_c12468 _d12468 |
||